Operations strategy in the management of retail enterprise

Salvato in:
Dettagli Bibliografici
Autore principale: Śmigielska, Grażyna
Natura: Capitolo di libro
Lingua:inglese
Soggetti:
Tags: Aggiungi Tag
Nessun Tag, puoi essere il primo ad aggiungerne!!

MARC

LEADER 00000naa$a2200000$$$4500
001 0014824
005 20221207104910.8
041 0 |a eng 
044 |a SK 
245 1 0 |a Operations strategy in the management of retail enterprise  |c aut. Grażyna Śmigielska 
610 2 0 |a technológie nové 
610 2 0 |a maloobchod 
610 2 0 |a manažment 
610 2 0 |a stratégia podniková 
610 2 0 |a produktivita 
610 2 0 |a zisk podnikový 
610 2 0 |a konkurencia 
100 1 |a Śmigielska, Grażyna